| 000 | 00788cam a2200253 4500 | ||
|---|---|---|---|
| 001 | 2718 | ||
| 005 | 20260330093338.0 | ||
| 008 | 260330r20091977enka bq 000 d eng d | ||
| 010 | _a 2009291727 | ||
| 020 | _a978-93-88624-62-6 | ||
| 020 | _a978-93-88624-62-6 | ||
| 043 | _ae-uk-st | ||
| 100 | 1 |
_aShakespeare, William, _d1564-1616. |
|
| 245 | 1 | 0 |
_aMacbeth / _cWilliam Shakespeare; edited by Dr. S. Sen |
| 260 |
_aNew Delhi _bUnique Publishers (I) Pvt. Ltd _c2019 |
||
| 300 |
_axvi, 413 p. : _bill. ; _c28 cm. |
||
| 600 | 0 | 0 |
_aMacbeth: _ca critical evaluation. _vDrama. |
| 600 | 1 | 0 |
_aShakespeare, William, _tMacbeth |
| 650 | 0 | _vDrama. | |
| 651 | 0 | _vDrama. | |
| 700 | 1 | _aShakespeare, William | |
| 856 |
_uhttp://shakespeare.mit.edu/macbeth/full.html _yMacbeth |
||
| 942 |
_2ddc _cMAIN |
||
| 999 |
_c10559 _d10560 |
||